<?xml version="1.0" encoding="UTF-8"?>
<record
    xmlns:xsi="http://www.w3.org/2001/XMLSchema-instance"
    xsi:schemaLocation="http://www.loc.gov/MARC21/slim http://www.loc.gov/standards/marcxml/schema/MARC21slim.xsd"
    xmlns="http://www.loc.gov/MARC21/slim">

  <leader>00967nam a2200229 a 4500</leader>
  <controlfield tag="001">000005380</controlfield>
  <controlfield tag="005">20200929151647.0</controlfield>
  <controlfield tag="008">090819s1987    es            000 0 spa d</controlfield>
  <datafield tag="020" ind1=" " ind2=" ">
    <subfield code="a">8400066812</subfield>
  </datafield>
  <datafield tag="040" ind1=" " ind2=" ">
    <subfield code="a">DO-SdBNP</subfield>
    <subfield code="b">spa</subfield>
    <subfield code="c">BNPHU</subfield>
  </datafield>
  <datafield tag="082" ind1=" " ind2=" ">
    <subfield code="a">224.2</subfield>
    <subfield code="b">A325b</subfield>
  </datafield>
  <datafield tag="130" ind1="0" ind2=" ">
    <subfield code="a">Biblia. A. T.</subfield>
    <subfield code="p">A. T.</subfield>
    <subfield code="l">espa&#xF1;ol</subfield>
    <subfield code="s">Jerem&#xED;as</subfield>
    <subfield code="f">1987</subfield>
    <subfield code="9">15265</subfield>
  </datafield>
  <datafield tag="245" ind1="1" ind2="0">
    <subfield code="a">Biblia babil&#xF3;nica : Jerem&#xED;as :</subfield>
    <subfield code="b">edici&#xF3;n cr&#xED;tica seg&#xFA;n manuscritos hebreos de puntuaci&#xF3;n babil&#xF3;nica /</subfield>
    <subfield code="c">Amparo Alba Cecilia.</subfield>
  </datafield>
  <datafield tag="260" ind1=" " ind2=" ">
    <subfield code="a">Madrid :</subfield>
    <subfield code="b">Instituto de filosof&#xED;a, CSIC, Departamento de Filosof&#xED;a B&#xED;blica y de Oriente Antiguo,</subfield>
    <subfield code="c">1987.</subfield>
  </datafield>
  <datafield tag="300" ind1=" " ind2=" ">
    <subfield code="a">xxi, 164 p. ;</subfield>
    <subfield code="c">28 cm.</subfield>
  </datafield>
  <datafield tag="440" ind1=" " ind2="0">
    <subfield code="a">Textos y estudios, Cardenal Cisnero de la Biblia Pol&#xED;glota Matritense ;</subfield>
    <subfield code="v">41</subfield>
    <subfield code="9">15266</subfield>
  </datafield>
  <datafield tag="500" ind1=" " ind2=" ">
    <subfield code="a">Incluye referencia bibliogr&#xE1;ficas.</subfield>
  </datafield>
  <datafield tag="630" ind1="1" ind2="4">
    <subfield code="a">BIBLIA</subfield>
    <subfield code="p">A.T.</subfield>
    <subfield code="p">JEREM&#xCD;AS</subfield>
    <subfield code="x">CR&#xCD;TICA TEXTUAL</subfield>
    <subfield code="9">15267</subfield>
  </datafield>
  <datafield tag="650" ind1=" " ind2="4">
    <subfield code="a">Hebreo</subfield>
    <subfield code="9">15268</subfield>
  </datafield>
  <datafield tag="650" ind1=" " ind2="4">
    <subfield code="a">Biblia- lenguaje y estilo</subfield>
    <subfield code="9">15269</subfield>
  </datafield>
  <datafield tag="700" ind1="1" ind2=" ">
    <subfield code="a">Alba Cecilia, Amparo</subfield>
    <subfield code="9">15270</subfield>
  </datafield>
  <datafield tag="952" ind1=" " ind2=" ">
    <subfield code="0">0</subfield>
    <subfield code="1">0</subfield>
    <subfield code="5">0</subfield>
    <subfield code="7">1</subfield>
    <subfield code="8">MO</subfield>
    <subfield code="a">GR</subfield>
    <subfield code="b">GR</subfield>
    <subfield code="c">HD</subfield>
    <subfield code="d">2009-08-19</subfield>
    <subfield code="i">LF1</subfield>
    <subfield code="l">0</subfield>
    <subfield code="o">224.2 A325b</subfield>
    <subfield code="p">5380-10</subfield>
    <subfield code="r">2020-06-25</subfield>
    <subfield code="w">2020-06-25</subfield>
    <subfield code="y">1</subfield>
    <subfield code="Z">No se presta</subfield>
  </datafield>
  <datafield tag="999" ind1=" " ind2=" ">
    <subfield code="c">5180</subfield>
    <subfield code="d">5180</subfield>
  </datafield>
</record>
